[Event "Tuapse Rapid op"]
[Site "Tuapse"]
[Date "2021.07.06"]
[Round "1"]
[White "Nozdrachev, Vladislav"]
[Black "Yakovenko, Artem"]
[Result "1-0"]
[WhiteElo "2500"]
[BlackElo "1336"]
[PlyCount "91"]
[EventDate "2021.07.06"]
[EventType "swiss (rapid)"]
[EventRounds "9"]
[EventCountry "RUS"]
[SourceTitle "CBM 203 Extra"]
[Source "ChessBase"]
[SourceDate "2021.09.30"]
[SourceVersion "1"]
[SourceVersionDate "2021.09.30"]
[SourceQuality "1"]

1. e4 e6 2. d4 d5 3. Nc3 Bb4 4. e5 c5 5. a3 Bxc3+ 6. bxc3 Ne7 7. Qg4 g6 8. Bd3 c4 9. Be2 Qa5 10. Bd2 Nbc6 11. h4 h5 12. Qf4 Nf5 13. Nf3 Bd7 14. Ng5 Qd8 15. f3 Qe7 16. g4 hxg4 17. fxg4 Nh6 18. a4 0-0-0 19. Bc1 Rdg8 20. Ba3 Qd8 21. Kd2 Be8 22. Bd6 Na5 23. Qf6 Qxf6 24. exf6 Nc6 25. Ke3 Bd7 26. Kf4 Rd8 27. Be5 Nxe5 28. Kxe5 Be8 29. h5 gxh5 30. Rxh5 Kc7 31. Rah1 Nxg4+ 32. Bxg4 Rxh5 33. Rxh5 Kb6 34. Rh8 Ka5 35. Nxf7 Bxf7 36. Rxd8 Kxa4 37. Bxe6 Bxe6 38. Kxe6 a5 39. f7 Ka3 40. f8Q+ Kb2 41. Rxd5 a4 42. Qb4+ Kxc2 43. Qxc4 a3 44. Rh5 b5 45. Rh2+ Kc1 46. Qf1# 1-0